Capitali dell'Asia in ordine alfabetico - Statistics

Statistiche generali
  • Questo quiz è stato fatto 30 volte
  • Il punteggio medio è 40 su 48
Statistiche sulle risposte
Lettera iniziale Capitale % Corretto
I Islamabad
100%
H Hanoi
95%
M Mascate
95%
R Riad
95%
S Seul
95%
T Teheran
95%
U Ulan Bator
95%
V Vientiane
95%
A Amman
91%
B Baghdad
91%
B Baku
91%
D Damasco
91%
D Doha
91%
K Kabul
91%
S Sana'a
91%
T Tbilisi
91%
A Ankara
86%
A Astana
86%
B Beirut
86%
B Biškek
86%
D Dacca
86%
D Dili
86%
E Erevan
86%
K Katmandu
86%
K Kuala Lumpur
86%
M Manama
86%
M Manila
86%
N Nuova Delhi
86%
P Pechino
86%
P Phnom Penh
86%
T Thimphu
86%
T Tokyo
86%
B Bangkok
82%
D Dušanbe
82%
G Gerusalemme
82%
G Giacarta
82%
N Nicosia
82%
P Pyongyang
82%
S Singapore
82%
T Tashkent
82%
A Abu Dhabi
77%
A Aşgabat
77%
M Malé
77%
N Naypyidaw
73%
B Bandar Seri Begawan
59%
M Mosca
55%
A Al Kuwait
45%
S Sri Jayawardenapura Kotte
45%
Nessun quiz corrispondente trovato
Distribuzione punteggi
Percentuale di utenti per punteggio
Percentile per numero di risposta
I tuoi punteggi nel tempo
Non hai fatto questo quiz